| 000 | 00573nam a2200205Ia 4500 | ||
|---|---|---|---|
| 005 | 20250508162110.0 | ||
| 008 | 008 250505s9999 xx 000 0 eng d | ||
| 037 | _aTextual | ||
| 040 |
_aFEDL _beng _cFEDL |
||
| 041 |
_aeng _2eng |
||
| 084 |
_a371.4, BLO _qFEDL |
||
| 100 |
_aBlocher Donald H _9772290 |
||
| 245 | 0 | _aDevelopmental counseling | |
| 250 | _a2 | ||
| 260 |
_aNew York, USA _bThe Ronald Press Company _c1974 |
||
| 300 | _aix,318p | ||
| 650 | _aEducational guidance and Counseling | ||
| 942 |
_cTEXL _h371.4, BLO |
||
| 999 |
_c1374370 _d1374370 |
||